=LDR 00000nam 2200000 4500 =001 INLIS000000000027331 =005 20130612125720 =008 ***********************************Ind** =035 ##$$0010-061300000027331 =041 ##$$a Ind =082 ##$$a 808.87 =090 ##$$a 808.87, Asr a =100 ##$$a Asror,Miftahul =245 ##$$a Abu nawas menjadi tabib : kisah kisah teladan buat anakku, Miftahul Asror ; Editor, Mas'ut mubin =260 ##$$a 2007 $b Yogyakarta =300 ##$$a xvi,288 hlm, 21 cm =650 ##$$a Humor-Abu nawas =700 ##$$a Mubin Mas'ud =850 ##$$a NBPNMAT